00677nam a22002297a 450000500170000001000130001702000070003003500130003703700160005004000120006608200160007810000240009424500790011824600060019726000530020327000510025630000250030750000520033265000150038465000290039970000190042820170124105923.0 aB-158708 c00 aB-158708 bCen Lib/Ret aDPLbEN a370.15bYOG aYogesh Kumar Singh  aPsychology in education /cby Yogesh Kumar Singh; edited by Ruchika Nath  b  bA.P.H. Publishing Corporation c2005aNew Delhi  bNew Delhi a5, ansari road darya ganj e110002 avi, 339. :c21cm(Hb) aIncludes, bibliographical references and index  aEducation  aPsychological Evaluation aNath, Ruchika